000 01143nam a2200229Ia 4500
999 _c52946
_d52946
001 19977
003 GE_BSU
005 20200524222637.0
008 181216s1949||||ge |||||||||||||| ||geo||
040 _cGE_BSU
041 _ageo
080 _a81'374(038)=353.1 ო-52
100 _aორბელიანი, სულხან-საბა (1658-1725)
_98171
245 _aსიტყვის კონა ქართული, რომელ არს ლექსიკონი /
_cსულხან-საბა ორბელიანი ; ს. იორდანაშვილის რედაქციით და წინასიტყვაობით.
264 _aთბილისი :
_bსახელგამი,
_c1949.
300 _a586 გვ. :
_b1 ფურც. ფაქს. ;
_c21 სმ.
541 _h5ლ.
653 _aსიტყვის კონა ქართული, რომელ არს ლექსიკონი
653 _aქართული ენა
700 _aიორდანაშვილი, ს.
_eრედაქტორი
_98172
942 _cBK
_2udc